|
|
|
|
| LEADER |
00000nam0a2200000 4500 |
| 001 |
343050 |
| 005 |
20231102005522.0 |
| 010 |
|
|
|a 9785448605499
|
| 010 |
|
|
|a 978-5-4487-0463-5
|
| 035 |
|
|
|a (RuTPU)RU\TPU\book\372801
|
| 090 |
|
|
|a 343050
|
| 100 |
|
|
|a 20190619d2019 k y0rusy50 ca
|
| 101 |
0 |
|
|a rus
|
| 102 |
|
|
|a RU
|
| 105 |
|
|
|a y z 001zy
|
| 200 |
1 |
|
|a Русский язык в многоязычном мире: вопросы статуса и билингвального образования
|e монография
|f Т. В. Васильева, О. А. Ускова
|
| 210 |
|
|
|a Саратов
|c Ай Пи Эр Медиа
|c Высшее образование
|d 2019
|
| 215 |
|
|
|a 313 с.
|
| 225 |
1 |
|
|a Русский как иностранный
|
| 320 |
|
|
|a Библиогр.: с. 235-257
|
| 330 |
|
|
|a В монографии рассматриваются место и роль русского языка на постсоветском пространстве и в дальнем зарубежье: языковая ситуация в разных странах, статус русского языка (юридический, социолингвистический, образовательный), а также проблемы сохранения национальной идентичности в русскоязычных диаспорах и содержания билингвального образования как транслятора цивилизационного кода в Российской Федерации и за рубежом.
|
| 606 |
1 |
|
|a Социолингвистика
|2 stltpush
|3 (RuTPU)RU\TPU\subj\55699
|9 73707
|
| 606 |
1 |
|
|a Русский язык
|x Методика преподавания
|2 stltpush
|3 (RuTPU)RU\TPU\subj\68771
|9 83929
|
| 610 |
1 |
|
|a лингвистика
|
| 610 |
1 |
|
|a социология
|
| 610 |
1 |
|
|a глобализация
|
| 610 |
1 |
|
|a билингвальное образование
|
| 610 |
1 |
|
|a история
|
| 610 |
1 |
|
|a русский язык как иностранный
|
| 610 |
1 |
|
|a национальные меньшинства
|
| 610 |
1 |
|
|a постсоветское пространство
|
| 610 |
1 |
|
|a 20 век
|
| 610 |
1 |
|
|a русскоязычное образование
|
| 610 |
1 |
|
|a русский язык как иностранный
|
| 610 |
1 |
|
|a мультикультурализм
|
| 610 |
1 |
|
|a монографии
|
| 686 |
|
|
|a Ш100.3
|v LBC/SL-A
|2 rubbk
|
| 686 |
|
|
|a Ш141.2
|v LBC/SL-A
|2 rubbk
|
| 700 |
|
1 |
|a Васильева
|b Т. В.
|g Татьяна Викторовна
|
| 701 |
|
1 |
|a Ускова
|b О. А.
|g Ольга Александровна
|
| 801 |
|
1 |
|a RU
|b 63413507
|c 20190619
|
| 801 |
|
2 |
|a RU
|b 63413507
|c 20191015
|g RCR
|
| 942 |
|
|
|c BK
|
| 959 |
|
|
|a 6/20190619
|d 1
|e 1090,00
|f ЧЗИЛ:1
|